Online
Catalog

Emerita : (Record no. 40900)

MARC details
000 -CABECERA
campo de control de longitud fija 00883nam a2200205 a 4500
001 - NÚMERO DE CONTROL
campo de control 000041410
005 - FECHA Y HORA DE LA ÚLTIMA TRANSACCIÓN
campo de control 20201002034850.0
008 - DATOS DE LONGITUD FIJA--INFORMACIÓN GENERAL
campo de control de longitud fija 131002s1989 sp 001 0 spa d
020 ## - NÚMERO INTERNACIONAL ESTÁNDAR DEL LIBRO
Número Internacional Estándar del Libro 8400069617
040 ## - FUENTE DE LA CATALOGACIÓN
Centro catalogador/agencia de origen DO-SdBNP
Lengua de catalogación spa
Centro/agencia transcriptor BNPHU
100 1# - ENTRADA PRINCIPAL--NOMBRE DE PERSONA
Nombre de persona Rodríguez Adrados, Francisco
9 (RLIN) 18641
245 10 - MENCIÓN DE TÍTULO
Título Emerita :
Resto del título revista de lingüística y filología clásica : índices de los volúmenes XXVIII-L /
Mención de responsabilidad, etc. redactadas por Francisco Rodríguez Adrados, Ciriaca Morano Rodríguez y Petra Benito Olalla.
260 ## - PUBLICACIÓN, DISTRIBUCIÓN, ETC.
Lugar de publicación, distribución, etc. Madrid :
Nombre del editor, distribuidor, etc. Instituto de Filología,
Fecha de publicación, distribución, etc. 1989.
300 ## - DESCRIPCIÓN FÍSICA
Extensión VIII, 321 p. ;
Dimensiones 25 cm.
490 1# - MENCIÓN DE SERIE
Mención de serie Manuales y anejos de "Emerita"
Designación de volumen o secuencia 85
700 12 - PUNTO DE ACCESO ADICIONAL--NOMBRE DE PERSONA
Nombre de persona Morano Rodríguez, Ciriaca
9 (RLIN) 68067
700 12 - PUNTO DE ACCESO ADICIONAL--NOMBRE DE PERSONA
Nombre de persona Benito Olalla, Petra
9 (RLIN) 68068
710 12 - PUNTO DE ACCESO ADICIONAL--NOMBRE DE ENTIDAD CORPORATIVA
Nombre de entidad corporativa o nombre de jurisdicción como elemento de entrada Instituto de Filología (Consejo Superior de Investigaciones Científicas)
9 (RLIN) 68069
830 #0 - PUNTO DE ACCESO ADICIONAL DE SERIE-TÍTULO UNIFORME
Título uniforme Manuales y anejos de "Emerita"
Designación de volumen o secuencia 85
9 (RLIN) 63832
Holdings
Estado de retiro Estado de pérdida Restricciones de uso No para préstamo Código de colección Localización permanente Ubicación/localización actual Ubicación en estantería Fecha de adquisición Número de inventario Total de préstamos Signatura topográfica completa Código de barras Fecha visto por última vez Precio válido a partir de Tipo de ítem Koha
      Excluido de préstamo Monografías: Libros y Folletos General General En catalogación 02.10.2013 LF1   41410-10 25.06.2020 25.06.2020 No se presta

Powered by Koha